| 000 | 01108nam0a22002651 4500 | ||
|---|---|---|---|
| 001 | rc\109612 | ||
| 005 | 20021216133838.3 | ||
| 010 |
_a5-88143-024-7 _92000 |
||
| 035 | _a(NLR Aleph) 005370413 | ||
| 090 |
_a6994111 _c6994111 |
||
| 100 | _a20021216d1995 u |0rusy50 ca | ||
| 101 | 0 | _arus | |
| 102 | _aRU | ||
| 105 | _ay ||||||||| | ||
| 200 | 1 |
_aВалеологические и культурологические основы петербургской школы _eНа путях к школе здоровья _fАвт. шк. № 85 Петроград. р-на г. Санкт-Петербурга _g[Кузнецов Ю.К. и др.] |
|
| 210 |
_aСПб. _cПетроградский и К° _d1995 |
||
| 215 |
_a280, [2] с. _d20 |
||
| 225 | 1 | _aПроблемы педагогической валеологии | |
| 701 | 1 |
_aКузнецов _bЮ. К. _gЮрий Константинович |
|
| 712 | 0 | 2 |
_aАвторская школа _c85; Петербург _3RU\NLR\AUTH\889935978 |
| 801 | 0 |
_aRU _bNLR _gpsbo |
|
| 801 | 1 |
_aRU _bELAR _2rusmarc |
|
| 852 |
_aNLR _j96-5/1788 |
||
| 942 | _cBOOK | ||
| 980 | _aNB | ||